A szellemi materializmus meghaladása
Elmentve itt :
| Szerző: | |
|---|---|
| További közreműködők: | |
| Adatforrás: | Philobibl |
| Dokumentumtípus: | Könyv |
| Nyelv: | magyar |
| Kulcsszavak: | lámaizmus buddhizmus |
| Megjelent: |
[Budapest]
Farkas Lőrinc Imre
[2009?]
|
| Kiadás: | [Utánnyomás] |
| LEADER | 00539nam a2200169 c 4500 | ||
|---|---|---|---|
| 001 | bibPHI0037708 | ||
| 005 | 20200924123840.2 | ||
| 008 | 090430s2009 hu m 00010 hun d | ||
| 100 | 1 | |a Chos-kyi-rgya-mtsho drun-pa | |
| 245 | 1 | 2 | |a A szellemi materializmus meghaladása |c Csögyam Trungpa ; [ford. Erdődy Péter] |
| 250 | |a [Utánnyomás] | ||
| 260 | |a [Budapest] |b Farkas Lőrinc Imre |c [2009?] | ||
| 300 | |a 219 p. | ||
| 500 | |a A Kőrösi Csoma Sándor Buddhista Egyetem jegyzete | ||
| 695 | |a lámaizmus | ||
| 695 | |a buddhizmus | ||
| 700 | 1 | |a Erdődy Péter | |